| 000 | 00340nam a22001337a 4500 | ||
|---|---|---|---|
| 005 | 20250721171016.0 | ||
| 008 | 250721b |||||||| |||| 00| 0 eng d | ||
| 050 |
_aBS2775 _b.3 PEN |
||
| 100 | _aPENTZ GROFT M. | ||
| 245 | _aEXPOSITORY OUTLINES ON HEBREWS | ||
| 260 |
_aMICHIGAN _bBAKER BOOK HOUSE _c1979 |
||
| 300 | _a32p | ||
| 942 |
_2lcc _cBK _n0 |
||
| 999 |
_c7075 _d7075 |
||